书目信息 |
| 题名: |
医学小百科
|
|
| 作者: | 钱信忠 主编 | |
| 分册: | 检查诊断 | |
| 出版信息: | 天津 天津科学技术出版社 1991.5 |
|
| 页数: | 229页 | |
| 开本: | 19cm | |
| 丛书名: | ||
| 单 册: | ||
| 中图分类: | R-61 | |
| 科图分类: | 61.072 | |
| 主题词: | 医学--百科全书 , 医学 , 诊断--普及读物 , 诊断 | |
| 电子资源: | ||
| ISBN: | 7-5308-0470-7 | |
| 000 | 00899nam0 2200289 450 | |
| 001 | 0192009081 | |
| 005 | 20100712224813.0 | |
| 010 | @a7-5308-0470-7@dCNY4.35 | |
| 011 | @a7-5308-0470-7 | |
| 100 | @a19920225d1991 em y0chiy0110 ea | |
| 101 | 0 | @achi |
| 102 | @aCN@b120000 | |
| 105 | @ay z 000yy | |
| 106 | @ar | |
| 200 | 1 | @a医学小百科@9Yi Xue Xiao Bai;Bo Ke @i检查诊断@f钱信忠主编 |
| 210 | @a天津@c天津科学技术出版社@d1991.5 | |
| 215 | @a229页@d19cm | |
| 330 | @a本书对临床诊断中常用的检查方法、目的、意义等做了全面的、通俗的介绍。内容包括:化验检查,心电图检查,身体各部位的CT检查,超声波检查,妇产科特殊检查及中医学检查等。 | |
| 606 | 0 | @a医学@x百科全书 |
| 606 | 0 | @a医学 |
| 606 | 0 | @a诊断@x普及读物 |
| 606 | 0 | @a诊断 |
| 690 | @aR-61@v三版 | |
| 692 | @a61.072 | |
| 701 | 0 | @a钱信忠@9qian xin zhong@4主编 |
| 801 | 0 | @aCN@b91MARC@c20130904 |
| 905 | @aBZT@dR-61@e110@f1@sR-61/110 | |
| 医学小百科.检查诊断/钱信忠主编.-天津:天津科学技术出版社,1991.5 |
| 229页;19cm |
| ISBN 7-5308-0470-7:CNY4.35 |
| 本书对临床诊断中常用的检查方法、目的、意义等做了全面的、通俗的介绍。内容包括:化验检查,心电图检查,身体各部位的CT检查,超声波检查,妇产科特殊检查及中医学检查等。 |
| ● |
| 相关链接 |
|
|
|
正题名:医学小百科
索取号:R-61/110
 
预约/预借
| 序号 | 登录号 | 条形码 | 馆藏地/架位号 | 状态 | 备注 |
| 1 | 2000148168 | 2000148168 | 旧书回溯/ [索取号:R-61/110] | 在馆 |